[Event "NIC Classic Prelim 2021"]
[Site "chess24.com INT"]
[Date "2021.04.24"]
[Round "3.5"]
[White "Nakamura,Hi"]
[Black "Le Quang Liem"]
[Result "1/2-1/2"]
[WhiteElo "2736"]
[BlackElo "2709"]

1.c4 e6 2.Nc3 d5 3.d4 a6 4.cxd5 exd5 5.Bf4 Nf6 6.e3 Bd6 7.Bg3 O-O 8.Bd3 Re8
9.Qc2 Nc6 10.Be2 Nb4 11.Qb3 c5 12.Bxd6 Qxd6 13.dxc5 Qxc5 14.Nf3 Be6 15.Nd4 Nc6
16.Rd1 Nxd4 17.Rxd4 Ne4 18.Bf3 Rac8 19.O-O Nxc3 20.bxc3 b5 21.Rc1 Red8 22.Qd1 Rd7
23.h4 Qa3 24.Qd2 Rc4 25.Be2 Rc5 26.Bd1 h6 27.Kh2 a5 28.Rb1 a4 29.c4 Rxc4
30.Rxb5 Qd6+ 31.g3 Rdc7 32.Bxa4 Rxd4 33.exd4 Bf5 34.Bb3 Be4 35.Qf4 Qxf4 36.gxf4 Rc1
37.f5 Ra1 38.Kg3 Kh7 39.f6 gxf6 40.f3 Bf5 41.Bxd5 Be6 42.Be4+ Kg7 43.d5 Bd7
44.Rb7 f5 45.Bd3 Rd1 46.Bc4 Rd4 47.Bb3 f4+ 48.Kf2 Ba4 49.Bxa4 Rxa4 50.Rb2 Rd4
51.Ke2 Rxd5 52.Rb4 Re5+ 53.Kf2 Re3 54.a4 Ra3 55.Rxf4 f5 56.Rb4 Kg6 57.Kg3 Kh5
58.Rc4 Kg6 59.Rf4 Ra2 60.Rb4 Kh5 61.Kf4 Ra3 62.Kg3 Ra2 63.Rd4 Ra3 64.Rf4 Kg6
65.Kf2 Kf6 66.Rc4 Kg6 67.Ke2 Kh5 68.Rf4 Kg6 69.Kd2 Kf6 70.Kc2 Ke5 71.Kb2 Rd3
72.Rb4 Rxf3 73.a5 Rf2+ 74.Kb3 Rf3+ 75.Ka2 Rf2+ 76.Rb2 Rf4 77.Ka3 Rg4 78.Rb5+ Kd6
79.a6 Kc7 80.Rb7+ Kc8 81.Rb6 Kc7 82.a7 Rg8 83.Rxh6 Kb7 84.Rh7+ Ka8 85.h5 f4
86.h6 f3 87.Rg7 Rf8 88.h7 f2 89.Rf7 Rh8 90.Rxf2 Rxh7 91.Rf4 Rxa7+ 92.Ra4 Rxa4+
93.Kxa4  1/2-1/2

[Event "NIC Classic Prelim 2021"]
[Site "chess24.com INT"]
[Date "2021.04.24"]
[Round "5.4"]
[White "Nakamura,Hi"]
[Black "Vidit,S"]
[Result "1/2-1/2"]
[WhiteElo "2736"]
[BlackElo "2726"]

1.Nf3 Nf6 2.g3 c5 3.Bg2 Nc6 4.O-O e5 5.c4 d5 6.cxd5 Nxd5 7.Nc3 Be6 8.d3 Be7
9.Nd2 O-O 10.Nc4 Qd7 11.Ne3 Nc7 12.f4 exf4 13.gxf4 f5 14.Bd2 b5 15.Rc1 Rad8
16.b3 a6 17.Be1 Rfe8 18.Bf2 Bf7 19.Nxf5 Qxf5 20.Bxc6 Qg6+ 21.Bg2 c4 22.bxc4 bxc4
23.d4 Nd5 24.f5 Qxf5 25.e4 Nxc3 26.Rxc3 Qa5 27.Qc2 Bb4 28.Rg3 c3 29.d5 Bg6
30.Qb3 Kh8 31.a3 Bc5 32.Qxc3 Bxf2+ 33.Rxf2 Qxc3 34.Rxc3 Bxe4 35.Re2 Bxg2
36.Rxe8+ Rxe8 37.Kxg2 Kg8 38.Rc6 Rd8 39.d6 a5 40.Ra6 Kf7 41.a4 Ke6 42.d7+ Kxd7
43.Rxa5 Kc6 44.Ra7 Rd2+ 45.Kg3 Rd3+ 46.Kf4 Rh3 47.Rxg7 Rxh2 48.a5 Kb5 49.Kg3 Rh6
50.Rg5+ Ka6 51.Kg4 Rg6 52.Rxg6+ hxg6 53.Kg5 Kxa5 54.Kxg6  1/2-1/2

[Event "NIC Classic Prelim 2021"]
[Site "chess24.com INT"]
[Date "2021.04.25"]
[Round "7.3"]
[White "Nakamura,Hi"]
[Black "Tari,A"]
[Result "1-0"]
[WhiteElo "2736"]
[BlackElo "2639"]

1.d4 Nf6 2.c4 e6 3.Nf3 d5 4.g3 dxc4 5.Bg2 c5 6.O-O Nc6 7.dxc5 Qxd1 8.Rxd1 Bxc5
9.Nbd2 c3 10.bxc3 O-O 11.Bb2 Bd7 12.c4 Rfd8 13.Nb3 Be7 14.Nfd4 Rac8 15.Nb5 Be8
16.c5 a5 17.Bxc6 Rxd1+ 18.Rxd1 Bxc6 19.Na7 Ra8 20.Nxc6 bxc6 21.a4 Ne4 22.Bd4 Rd8
23.Rc1 Nd2 24.Nxa5 Rxd4 25.Nxc6 Rd7 26.Nxe7+ Rxe7 27.Rd1 Rd7 28.Kg2 Rd5 29.a5 Kf8
30.a6 Rxc5 31.Rxd2 Ra5 32.Rd6 Ke7 33.Rb6 g5 34.Rb7+ Kf6 35.a7 g4 36.f3 h5
37.f4 Kg6 38.e4 Ra2+ 39.Kf1 h4 40.Ke1 f5 41.e5 h3 42.Kd1 Kh5 43.Kc1 Ra6 44.Kb2 Ra5
45.Kb3 Ra1 46.Kc4 Rc1+ 47.Kb5  1-0

[Event "NIC Classic Prelim 2021"]
[Site "chess24.com INT"]
[Date "2021.04.25"]
[Round "8.7"]
[White "Aronian,L"]
[Black "Nakamura,Hi"]
[Result "1/2-1/2"]
[WhiteElo "2781"]
[BlackElo "2736"]

1.d4 Nf6 2.Nf3 d5 3.Bf4 Bf5 4.c4 e6 5.Qb3 Nc6 6.Nbd2 Bb4 7.a3 dxc4 8.Qxc4 Bxd2+
9.Bxd2 Be4 10.e3 O-O 11.Be2 Bd5 12.Qc2 Be4 13.Qc1 Re8 14.O-O e5 15.Nxe5 Nxe5
16.dxe5 Rxe5 17.Bc3 Rd5 18.f3 Bd3 19.Qe1 Bxe2 20.Qxe2 Qe7 21.e4 Rad8 22.Qf2 Rd3
23.Qxa7 b6 24.Qa4 Nd7 25.Qc2 Ne5 26.Kh1 h5 27.Rad1 Qc5 28.h3 Qc4 29.Qc1 Ng6
30.Rxd3 Rxd3 31.Rd1 f6 32.Rxd3 Qxd3 33.Kg1 Kf7 34.Qd2 Qb5 35.Kf2 h4 36.f4 Ne7
37.Qd4 Qb3 38.Qd3 Qe6 39.f5 Qb3 40.Kf3 c5 41.Kg4 b5 42.Qd7 Qc2 43.Kf3 Qb3
44.Ke3 Qc2 45.Qd2 Qb3 46.Qd3 Ke8 47.Kd2 Qa4 48.Ke3 Qb3 49.Qd6 Qc4 50.Qd1 Kf7
51.Qe2 Qb3 52.Qh5+ Kf8 53.Qh8+ Kf7 54.Qh5+ Kf8 55.Qh8+ Kf7 56.Qh5+  1/2-1/2

[Event "NIC Classic Prelim 2021"]
[Site "chess24.com INT"]
[Date "2021.04.25"]
[Round "9.2"]
[White "Nakamura,Hi"]
[Black "Christiansen,Johan-Sebastian"]
[Result "1-0"]
[WhiteElo "2736"]
[BlackElo "2618"]

1.e4 e6 2.f4 d5 3.e5 c5 4.Nf3 Nc6 5.c3 Qb6 6.Na3 Nh6 7.Nc2 Bd7 8.Be2 Be7
9.O-O d4 10.Kh1 f6 11.cxd4 cxd4 12.b3 a5 13.Bb2 Bc5 14.Bd3 Nf7 15.Qe2 O-O-O
16.a3 fxe5 17.fxe5 Qc7 18.Rac1 Kb8 19.b4 Ba7 20.b5 Ne7 21.Nfxd4 Rhf8 22.Ne3 Qxe5
23.Nc6+ Nxc6 24.Bxe5+ Ncxe5 25.Bb1 Bb6 26.a4 Ka7 27.Rcd1 Bc8 28.d4 Bxd4 29.Nc4 Nxc4
30.Qxc4 Bf6 31.Rxd8 Rxd8 32.Qc5+ Kb8 33.b6 Ne5 34.Be4 Nc6 35.Bxc6 bxc6 36.h3 Bb7
37.Qxa5 Kc8 38.Qc5 Kb8 39.Rxf6 gxf6 40.Qe7 Rc8 41.a5  1-0

[Event "NIC Classic Prelim 2021"]
[Site "chess24.com INT"]
[Date "2021.04.25"]
[Round "10.8"]
[White "Carlsen,M"]
[Black "Nakamura,Hi"]
[Result "1/2-1/2"]
[WhiteElo "2847"]
[BlackElo "2736"]

1.e4 e5 2.Nf3 Nc6 3.Bc4 Bc5 4.c3 Nf6 5.d3 O-O 6.b4 Be7 7.Nbd2 d5 8.Bb3 a6
9.Qc2 h6 10.O-O Be6 11.Re1 Re8 12.Bb2 Bf8 13.a4 b5 14.h3 dxe4 15.dxe4 Qd7
16.Bxe6 Qxe6 17.axb5 axb5 18.Rxa8 Rxa8 19.Qd3 Rb8 20.Ra1 Ne7 21.Ra5 c6 22.Bc1 Nc8
23.Nf1 Nd6 24.Ng3 Qc4 25.Qxc4 Nxc4 26.Ra1 c5 27.bxc5 Bxc5 28.Kf1 Nd6 29.Nd2 h5
30.f3 h4 31.Nf5 Nxf5 32.exf5 Nd5 33.Ne4 Be3 34.Ba3 Ra8 35.Bb2 Rxa1+ 36.Bxa1 Bc1
37.Ke2 Nf4+ 38.Kf1 Nd5 39.Ke2 Nf4+ 40.Kf1 f6 41.Nd6 Nd5 42.Ke2 Nf4+ 43.Kf1 Nd5
44.Ke2 Nc7 45.c4 bxc4 46.Nxc4 Nd5 47.Nd6 Ba3 48.Ne4 Ne7 49.f4 exf4 50.Kf3 Bc1
51.Kg4 Nd5 52.Bd4 Be3 53.Nc3 Ne7 54.Ne2 Nd5 55.Nc3 Ne7 56.Ne2 Nd5 57.Nc3  1/2-1/2

[Event "NIC Classic Prelim 2021"]
[Site "chess24.com INT"]
[Date "2021.04.26"]
[Round "11.1"]
[White "Nakamura,Hi"]
[Black "Jones,G"]
[Result "1-0"]
[WhiteElo "2736"]
[BlackElo "2670"]

1.e4 c5 2.Nf3 d6 3.d4 cxd4 4.Nxd4 Nf6 5.Nc3 g6 6.Be3 Bg7 7.f3 Nc6 8.Qd2 O-O
9.O-O-O d5 10.exd5 Nxd5 11.Nxc6 bxc6 12.Bd4 Bxd4 13.Qxd4 Qb6 14.Na4 Qc7 15.c4 Nf4
16.g3 e5 17.Qd6 Qxd6 18.Rxd6 Ne6 19.Bd3 Rd8 20.Rxd8+ Nxd8 21.Re1 f6 22.f4 Nf7
23.Be4 Bd7 24.Nc5 Be8 25.Bg2 Rd8 26.Kc2 Rd6 27.Bh3 Kg7 28.Kc3 h5 29.Nd3 g5
30.fxe5 fxe5 31.Nxe5 g4 32.Nxf7 Bxf7 33.Bg2 Bg6 34.Re2 a5 35.Rd2 Rxd2 36.Kxd2 c5
37.Kc3 Kf6 38.a3 Ke5 39.b4 axb4+ 40.axb4 cxb4+ 41.Kxb4 Kd4 42.c5 Be8 43.c6 Bxc6
44.Bxc6 Ke3 45.Kc3 Kf2 46.Kd4 Kg1 47.Ke3 Kxh2 48.Kf4 Kh3 49.Bd7  1-0

[Event "NIC Classic Prelim 2021"]
[Site "chess24.com INT"]
[Date "2021.04.26"]
[Round "13.2"]
[White "Duda,J"]
[Black "Nakamura,Hi"]
[Result "1/2-1/2"]
[WhiteElo "2729"]
[BlackElo "2736"]

1.d4 Nf6 2.c4 e6 3.Nf3 d5 4.Nc3 Be7 5.Bg5 h6 6.Bh4 O-O 7.e3 Ne4 8.Bxe7 Qxe7
9.cxd5 Nxc3 10.bxc3 exd5 11.Qb3 Rd8 12.a4 c5 13.Qa3 Qc7 14.a5 Be6 15.Qxc5 Qxc5
16.dxc5 Nd7 17.Nd4 Nxc5 18.f3 Rac8 19.Kd2 Bd7 20.Be2 Rc7 21.Rhb1 Rdc8 22.Ra3 h5
23.Rb4 g6 24.Bd1 Kf8 25.Ne2 Bc6 26.Bb3 Ke7 27.Ba2 Ne6 28.Nf4 Rd8 29.Nxe6 Kxe6
30.Rd4 Bb5 31.Bb3 Rd6 32.h4 Bc4 33.Bxc4 dxc4 34.e4 Rc5 35.Ra4 Ra6 36.Rb4 b5
37.axb6 axb6 38.Ke3 b5 39.Rd5 Rxd5 40.exd5+ Kxd5 41.Rxb5+ Ke6 42.Rc5 Ra2
43.g3 Rg2 44.Kf4 f6 45.Rc6+ Kf7 46.Rc7+ Kg8 47.Rxc4 g5+ 48.hxg5 fxg5+ 49.Kxg5 Rxg3+
50.Kf4 Rg2 51.Kf5 Rg3 52.Rf4 h4 53.Ke4 Rh3 54.c4 Rh1 55.Kd5 h3 56.Rd4 Rf1
57.Rh4 Rxf3 58.c5 Kf7 59.Kd6 Rd3+ 60.Ke5 Ke7 61.c6 Kd8 62.Rh7 Kc8 63.c7 h2
64.Rxh2 Rd7 65.Rc2 Rxc7 66.Rxc7+ Kxc7  1/2-1/2

[Event "NIC Classic KO 2021"]
[Site "chess24.com INT"]
[Date "2021.04.27"]
[Round "1.14"]
[White "Le Quang Liem"]
[Black "Nakamura,Hi"]
[Result "1/2-1/2"]
[WhiteElo "2709"]
[BlackElo "2736"]

1.d4 Nf6 2.Nf3 d5 3.c4 e6 4.Nc3 Be7 5.Bf4 O-O 6.a3 Nbd7 7.Nb5 Ne8 8.e3 a6
9.Nc3 dxc4 10.Bxc4 b5 11.Ba2 Bb7 12.O-O Bd6 13.Bg5 Be7 14.Bxe7 Qxe7 15.b4 a5
16.Rb1 Nd6 17.Qe2 axb4 18.axb4 Ne4 19.Rfc1 Nxc3 20.Rxc3 Be4 21.Rb2 Nb6 22.Nd2 Bd5
23.Bxd5 exd5 24.Rc1 Nc4 25.Nxc4 bxc4 26.h3 Rfb8 27.b5 h6 28.e4 Ra5 29.exd5 Qxe2
30.Rxe2 Raxb5 31.Rxc4 Rxd5 32.Re7 c6 33.Kf1 Rbd8 34.Re4 f5 35.Re6 Rxd4 36.Rxd4 Rxd4
37.Rxc6 Kf7 38.g3 h5 39.h4 f4 40.Ke2 fxg3 41.fxg3 g6 42.Ke3 Rg4 43.Kf3 Ra4
44.Rb6 Ra3+ 45.Kf4 Ra4+ 46.Kf3 Ra3+ 47.Kf4 Ra4+ 48.Kf3  1/2-1/2

[Event "NIC Classic KO 2021"]
[Site "chess24.com INT"]
[Date "2021.04.27"]
[Round "1.11"]
[White "Nakamura,Hi"]
[Black "Le Quang Liem"]
[Result "1-0"]
[WhiteElo "2736"]
[BlackElo "2709"]

1.d4 d5 2.c4 e6 3.Nc3 a6 4.cxd5 exd5 5.Bf4 Nf6 6.e3 c5 7.dxc5 Bxc5 8.Nf3 Nc6
9.Be2 O-O 10.O-O Be6 11.Ne5 Bd6 12.Nxc6 bxc6 13.Na4 c5 14.Bxd6 Qxd6 15.Rc1 Rfc8
16.Qd2 Rab8 17.b3 Rc6 18.Rfd1 Qc7 19.h3 h6 20.Bf3 a5 21.Nc3 Rd8 22.e4 d4
23.e5 Nd5 24.Nb5 Qb6 25.Nd6 a4 26.b4 Rb8 27.Bxd5 Bxd5 28.bxc5 Rxc5 29.Rxc5 Qxc5
30.Qxd4 Qxd4 31.Rxd4 Bxa2 32.Rxa4 Be6 33.f4 Rb2 34.Rd4 f5 35.Ra4 Kh7 36.Ra7 Kg6
37.h4 Rb4 38.Re7 Bd5 39.h5+ Kxh5 40.Rxg7 Rxf4 41.Ne8 Bxg2 42.Nf6+ Kh4 43.Kxg2 Ra4
44.e6 Ra2+ 45.Kf3 Ra3+ 46.Kf4 Ra4+ 47.Kxf5 Ra5+ 48.Kg6  1-0

[Event "NIC Classic KO 2021"]
[Site "chess24.com INT"]
[Date "2021.04.27"]
[Round "1.12"]
[White "Le Quang Liem"]
[Black "Nakamura,Hi"]
[Result "1/2-1/2"]
[WhiteElo "2709"]
[BlackElo "2736"]

1.d4 Nf6 2.Nf3 d5 3.c4 e6 4.Nc3 Be7 5.g3 O-O 6.Bg2 dxc4 7.Ne5 c5 8.dxc5 Qxd1+
9.Nxd1 Bxc5 10.O-O Nc6 11.Bxc6 bxc6 12.Be3 Bb6 13.Bxb6 axb6 14.Nc3 Nd5 15.a4 f6
16.Nxc4 Rb8 17.Rfc1 Ba6 18.Ne4 Rfc8 19.Kf1 c5 20.b3 Rc6 21.Ke1 Bxc4 22.Rxc4 Ra8
23.Rcc1 Kf7 24.a5 f5 25.Nd2 bxa5 26.Nc4 Rca6 27.Ne5+ Ke7 28.Nd3 Rb6 29.Ra3 Nb4
30.Rxc5 Nxd3+ 31.exd3 Rab8 32.Rcxa5 Rxb3 33.Ra7+ Kf6 34.Rxb3 Rxb3 35.Ke2 Rb2+
36.Kf3 Rb3 37.Ke3 Rb1 38.h4 Rb3 39.Rc7 e5 40.Rc6+ Kf7 41.Rc7+ Kf6 42.Rc6+ Kf7
43.Rc7+ Kf6  1/2-1/2

[Event "NIC Classic KO 2021"]
[Site "chess24.com INT"]
[Date "2021.04.27"]
[Round "1.13"]
[White "Nakamura,Hi"]
[Black "Le Quang Liem"]
[Result "1/2-1/2"]
[WhiteElo "2736"]
[BlackElo "2709"]

1.d4 Nf6 2.c4 e6 3.Nc3 Bb4 4.Qc2 d5 5.cxd5 Qxd5 6.e3 c5 7.Bd2 Bxc3 8.bxc3 O-O
9.Nf3 b6 10.c4 Qh5 11.Be2 Bb7 12.O-O Nbd7 13.Rfe1 Rfd8 14.a4 Rac8 15.a5 cxd4
16.exd4 Qg6 17.Qxg6 hxg6 18.Ng5 Nb8 19.axb6 axb6 20.Reb1 Nc6 21.Nf3 Ne7 22.Ne5 Nf5
23.Rxb6 Nxd4 24.Bf1 Nd7 25.Nxd7 Rxd7 26.Bc3 e5 27.Ra7 Rcc7 28.f4 Be4 29.Rxc7 Rxc7
30.Rb8+ Kh7 31.Re8 Ne6 32.Bxe5 Ra7 33.g3 Ra2 34.Re7 Kg8 35.Bh3 Bf5 36.Bg2 f6
37.Bd6 Ra1+ 38.Kf2 Ra2+ 39.Kg1 Ra1+ 40.Kf2 Ra2+ 41.Kg1  1/2-1/2

[Event "NIC Classic KO 2021"]
[Site "chess24.com INT"]
[Date "2021.04.28"]
[Round "1.23"]
[White "Le Quang Liem"]
[Black "Nakamura,Hi"]
[Result "1/2-1/2"]
[WhiteElo "2709"]
[BlackElo "2736"]

1.d4 Nf6 2.c4 e6 3.Nc3 Bb4 4.Qc2 O-O 5.a3 Bxc3+ 6.Qxc3 d5 7.Bg5 dxc4 8.Qxc4 h6
9.Bh4 b6 10.Rd1 Ba6 11.Qa4 Qd7 12.Qc2 Qc6 13.Qxc6 Nxc6 14.Bxf6 gxf6 15.Nf3 Rfd8
16.e3 Bb7 17.Bd3 Ne7 18.Ke2 c5 19.dxc5 bxc5 20.Rd2 Rab8 21.Rc1 Rdc8 22.Rdc2 Bc6
23.Nd2 Kf8 24.b3 Bd5 25.Rc3 f5 26.f3 Ng6 27.b4 a5 28.bxa5 Ne5 29.Rxc5 Rd8
30.Bb5 Nd7 31.Bxd7 Rxd7 32.Nc4 Bxc4+ 33.R1xc4 Rb2+ 34.Rc2 Rb3 35.Ra2 Ra7
36.a4 Rb1 37.Rb5 Rh1 38.h3 Rg1 39.Kf2 Rc1 40.g4 fxg4 41.hxg4 Rh1 42.Kg3 Kg7
43.Rc2 Ra1 44.Rc4 Ra3 45.Kf4 Kf6 46.Ke4 Ra1 47.f4 Rd1 48.Rh5 Kg7 49.Rd4 Rg1
50.Kf3 Rf1+ 51.Kg2 Ra1 52.Rc4 Re1 53.Kf2 Ra1 54.f5 Ra6 55.Re4 exf5 56.Rxf5 Rc6
57.Ref4 Rc7 58.a6 Ra7 59.Rf6 Ra3 60.Rb6 Ra8 61.Re4 Ra7 62.Kf3 Ra8 63.Kf4 Ra1
64.Rd4 Ra3 65.e4 Ra1 66.Ke5 Rc1 67.Kd5 Rd8+ 68.Rd6 Rdc8 69.e5 R8c5+ 70.Ke4 Re1+
71.Kf4 Rcxe5 72.R6d5 R1e4+ 73.Rxe4 Rxd5 74.Rb4 Ra5 75.Ke4 Rxa6 76.Kd5 Kg6
77.Kc5 f5 78.Kb5 Ra8 79.a5 fxg4 80.Rxg4+ Kf5 81.Rg7 h5 82.a6 h4 83.a7 h3
84.Kb6 Kf4 85.Kb7 Rxa7+ 86.Kxa7 h2 87.Rh7 Kg3 88.Kb6 Kg2 89.Kc5 h1=R 90.Rxh1 Kxh1  1/2-1/2

[Event "NIC Classic KO 2021"]
[Site "chess24.com INT"]
[Date "2021.04.28"]
[Round "1.22"]
[White "Nakamura,Hi"]
[Black "Le Quang Liem"]
[Result "1/2-1/2"]
[WhiteElo "2736"]
[BlackElo "2709"]

1.d4 Nf6 2.c4 e6 3.Nc3 Bb4 4.Qc2 d5 5.cxd5 Qxd5 6.e3 c5 7.Bd2 Bxc3 8.Bxc3 cxd4
9.Bxd4 Nc6 10.Bc3 O-O 11.Nf3 Rd8 12.Be2 Qe4 13.Rc1 Qxc2 14.Rxc2 Ne4 15.Ne5 Bd7
16.Nxc6 Bxc6 17.Bb4 f5 18.f3 Nf6 19.Kf2 Kf7 20.Rhc1 g5 21.Bc5 g4 22.Bd4 gxf3
23.Bxf3 Ne4+ 24.Bxe4 fxe4 25.Kg1 Rd5 26.Rf2+ Rf5 27.Rcf1 Kg6 28.Rf4 h5 29.g4 Rxf4
30.Rxf4 Bd5 31.a3 a6 32.h3 hxg4 33.hxg4 Re8 34.Be5 Re7 35.Rf8 Rf7 36.Rg8+ Kh7
37.Rh8+ Kg6 38.Bf4 Rh7 39.Rf8 Rh4 40.Rg8+ Kf7 41.Rg5 Rh8 42.Rh5 Rxh5 43.gxh5 a5
44.h6 Kg6 45.b4 axb4 46.axb4 b5 47.Kf2 e5 48.Bxe5 Kxh6 49.Bd6 Kg5 50.Bc5 Kf5
51.Ke2 Bc4+ 52.Kd2 Bd3 53.Bd4 Bc4 54.Ke1 Bd3 55.Kf2 Bc4 56.Bc5 Bd3 57.Bd4 Bc4
58.Bc5 Bd3 59.Bd4  1/2-1/2

[Event "NIC Classic KO 2021"]
[Site "chess24.com INT"]
[Date "2021.04.28"]
[Round "1.21"]
[White "Le Quang Liem"]
[Black "Nakamura,Hi"]
[Result "0-1"]
[WhiteElo "2709"]
[BlackElo "2736"]

1.d4 Nf6 2.Nf3 d5 3.c4 e6 4.Nc3 Be7 5.Bg5 h6 6.Bxf6 Bxf6 7.e3 O-O 8.Rc1 c6
9.h4 g6 10.h5 g5 11.Bd3 Nd7 12.Bb1 Bg7 13.cxd5 cxd5 14.Qd3 Re8 15.Nb5 Re7
16.Nxg5 hxg5 17.h6 Bf6 18.Qh7+ Kf8 19.Rh5 Qa5+ 20.Rc3 Qxb5 21.Rxg5 Re8 22.Bg6 Ke7
23.Qxf7+ Kd6 24.e4 Bxd4 25.e5+ Bxe5 26.Rxe5 Qxb2 27.Ree3 Re7 28.h7 Qa1+ 29.Ke2 Qb2+
30.Kf1 Qa1+ 31.Re1 Qxc3 32.Qf4+ e5 33.Qh6 Rxh7 34.Bxh7+ Ke7 35.Qg7+ Kd8 36.Qg5+ Ke8
37.Rc1 Qb4 38.Bg6+ Kf8 39.Qd8+ Kg7 40.Bf5 Qf8 41.Qg5+ Kf7 42.Rc3 e4 43.Qg6+ Ke7
44.Qe6+ Kd8 45.Qxd5 Qg7 46.Qc4 Nb6 47.Qc5 Bxf5 48.Qd6+ Nd7 49.Rg3 Qa1+ 50.Ke2 Qxa2+
51.Ke3 Rc8  0-1

[Event "NIC Classic KO 2021"]
[Site "chess24.com INT"]
[Date "2021.04.29"]
[Round "2.33"]
[White "Nakamura,Hi"]
[Black "Mamedyarov,S"]
[Result "1-0"]
[WhiteElo "2736"]
[BlackElo "2770"]

1.e4 c6 2.Nf3 d5 3.Nc3 Bg4 4.h3 Bxf3 5.Qxf3 e6 6.g3 Nf6 7.Bg2 Bb4 8.O-O O-O
9.exd5 cxd5 10.Nd1 Re8 11.d4 Nc6 12.c3 Bf8 13.Qd3 Rc8 14.Ne3 h5 15.Bd2 g6
16.Rad1 Qa5 17.Qb1 Qc7 18.Rfe1 b5 19.Qd3 a6 20.b4 Qb6 21.Nc2 Nd8 22.a4 Nb7
23.axb5 axb5 24.Na1 Nd6 25.Nb3 Nfe4 26.Nc5 Nxd2 27.Qxd2 Ra8 28.Ra1 Nf5 29.Nd7 Qc6
30.Nf6+ Kg7 31.Nxe8+ Rxe8 32.Ra7 Rc8 33.g4 hxg4 34.hxg4 Ne7 35.Re3 Qb6 36.Qa2 Nc6
37.Qa6 Qd8 38.Rb7 Kg8 39.Qxb5 Qh4 40.Qd3 Bd6 41.Rxe6 Bh2+ 42.Kf1 Qxg4 43.Re1 Bc7  1-0

[Event "NIC Classic KO 2021"]
[Site "chess24.com INT"]
[Date "2021.04.29"]
[Round "2.11"]
[White "Mamedyarov,S"]
[Black "Nakamura,Hi"]
[Result "0-1"]
[WhiteElo "2770"]
[BlackElo "2736"]

1.d4 Nf6 2.c4 e6 3.Nc3 Bb4 4.Nf3 O-O 5.Bg5 c5 6.Rc1 h6 7.Bh4 cxd4 8.Nxd4 d5
9.cxd5 g5 10.Bg3 Qxd5 11.e3 Qxa2 12.Bd3 Qxb2 13.O-O Bxc3 14.Rc2 Qb4 15.Nb5 e5
16.Rxc3 Nc6 17.f4 Bg4 18.Qc2 exf4 19.exf4 Nd5 20.fxg5 Nxc3 21.Nxc3 Rad8 22.Kh1 Qd4
23.Bh7+ Kh8 24.h3 Bh5 25.Rf6 Qe3 26.Bf2 Qxg5 27.Ne4 Qg7 28.Bf5 Nd4 29.Bxd4 Rxd4
30.Qf2 Rdd8 31.Qh4 Bg6 32.Nf2 Rd5 33.Ng4 Rxf5  0-1

[Event "NIC Classic KO 2021"]
[Site "chess24.com INT"]
[Date "2021.04.29"]
[Round "2.32"]
[White "Mamedyarov,S"]
[Black "Nakamura,Hi"]
[Result "1-0"]
[WhiteElo "2770"]
[BlackElo "2736"]

1.d4 Nf6 2.c4 e6 3.Nc3 Bb4 4.Nf3 O-O 5.Bg5 c5 6.Rc1 cxd4 7.Nxd4 h6 8.Bh4 d5
9.cxd5 g5 10.Bg3 Qxd5 11.e3 Qxa2 12.Bd3 Qxb2 13.O-O Bxc3 14.Rc2 Qb4 15.Nb5 e5
16.Rxc3 Nc6 17.f4 Bg4 18.Qc2 Qe7 19.fxe5 Nh5 20.Be1 a6 21.Nd4 Nxe5 22.Rc7 Qd6
23.Bh7+ Kh8 24.Bf5 Ng7 25.Bg3 Bh5 26.Qc3 Rae8 27.Ne6 Rxe6 28.Bxe6 f6 29.Bxe5 fxe5
30.Rxf8+ Qxf8 31.Qxe5 Kh7 32.Bf5+ Bg6 33.g4 a5  1-0

[Event "NIC Classic KO 2021"]
[Site "chess24.com INT"]
[Date "2021.04.29"]
[Round "2.31"]
[White "Nakamura,Hi"]
[Black "Mamedyarov,S"]
[Result "1-0"]
[WhiteElo "2736"]
[BlackElo "2770"]

1.e4 c6 2.Nf3 d5 3.Nc3 Bg4 4.h3 Bxf3 5.Qxf3 e6 6.g3 Nf6 7.Bg2 Bb4 8.O-O Nbd7
9.exd5 cxd5 10.Nd1 O-O 11.d4 Bd6 12.Qd3 Qc7 13.Ne3 Rfc8 14.b3 b5 15.Qxb5 Qc3
16.Rb1 Qxd4 17.c4 Rab8 18.Qa6 Qb6 19.Qxb6 Nxb6 20.cxd5 Nfxd5 21.Nxd5 exd5
22.Be3 Bc5 23.Bf4 Ra8 24.Rfd1 Rd8 25.Rbc1 Bd6 26.Be3 Rab8 27.Rc6 Be5 28.Rc5 Rd7
29.Rb5 Rbd8 30.a4 d4 31.Rxe5 dxe3 32.Rxd7 exf2+ 33.Kxf2 Nxd7 34.Ra5 g6 35.b4 Nb6
36.Rxa7 Rd2+ 37.Kg1 Rd1+ 38.Kh2 Rd2 39.Kg1 Rd1+ 40.Bf1 Nd5 41.Rd7 Kf8 42.Kf2 Rd2+
43.Ke1 Rd4 44.Kf2 Rxb4 45.Rxd5 Rxa4 46.Rd7 Kg7 47.Rc7 Ra5 48.Bc4 Rf5+ 49.Ke3 Re5+
50.Kd4 Rf5 51.g4 Rf6 52.Bd5 h6 53.Ke5 Rf1 54.Rd7 Re1+ 55.Kd6 Rf1 56.Ke7 Rd1
57.Ke8 Kf6 58.Rxf7+ Kg5 59.Bg2 Kh4 60.Rg7 Rd6 61.Kf7 Kg5 62.Be4 Rd7+ 63.Kg8 Rxg7+
64.Kxg7 h5 65.Bf3 Kh4 66.Kxg6 hxg4 67.Bxg4  1-0

[Event "NIC Classic KO 2021"]
[Site "chess24.com INT"]
[Date "2021.04.30"]
[Round "2.33"]
[White "Mamedyarov,S"]
[Black "Nakamura,Hi"]
[Result "0-1"]
[WhiteElo "2770"]
[BlackElo "2736"]

1.Nf3 d5 2.g3 Nf6 3.Bg2 e6 4.O-O Be7 5.d3 O-O 6.Nbd2 Nc6 7.e4 dxe4 8.dxe4 e5
9.c3 Be6 10.Qe2 a5 11.Rd1 Qc8 12.Nc4 Bg4 13.Ne3 Bc5 14.Nd5 Ne8 15.Be3 Bd6
16.Qc4 Kh8 17.Rd2 f6 18.Nh4 Ne7 19.Nxe7 Bxe7 20.Qf1 Nd6 21.h3 Be6 22.b3 a4
23.Rb1 axb3 24.axb3 g5 25.Nf3 Nxe4 26.Rc2 Nd6 27.Rcc1 Nf5 28.Bd2 Rd8 29.Re1 Bc5
30.Kh2 Ra2 31.Re2 Ra6 32.Nxg5 fxg5 33.Bxg5 Be7 34.Bxe7 Nxe7 35.Rxe5 Ng6 36.Rb5 Rb6
37.Rh5 Bg8 38.c4 Qe6 39.Re1 Qf6 40.Re3 Rbd6 41.Be4 Re6 42.Qe2 Red6 43.Rf5 Qg7
44.Qf3 c6 45.h4 Ne5 46.Rxe5 Qxe5 47.Bxh7 Qf6 48.Bf5 Bf7 49.Re4 Rd4 50.Re3 Rf8
51.h5 Bxc4 52.g4 Be6 53.Qg3 Bxf5 54.gxf5 Qh4+  0-1

[Event "NIC Classic KO 2021"]
[Site "chess24.com INT"]
[Date "2021.04.30"]
[Round "2.22"]
[White "Nakamura,Hi"]
[Black "Mamedyarov,S"]
[Result "0-1"]
[WhiteElo "2736"]
[BlackElo "2770"]

1.e4 e5 2.Nf3 Nc6 3.Bb5 a6 4.Ba4 Nf6 5.O-O Nxe4 6.d4 b5 7.Bb3 d5 8.Nxe5 Nxe5
9.dxe5 Be6 10.Be3 Be7 11.c3 O-O 12.f3 Nc5 13.Bc2 Nd7 14.f4 f5 15.Nd2 c5 16.Nf3 Nb6
17.Qe2 Qc7 18.Bf2 Rac8 19.Rac1 Rfd8 20.Rfd1 g6 21.Qe1 h6 22.Bh4 Kf7 23.Bxe7 Qxe7
24.h4 d4 25.h5 Nd5 26.hxg6+ Kg7 27.cxd4 Nxf4 28.Qe3 Nd5 29.Qf2 c4 30.Nh4 Rf8
31.Rd2 c3 32.bxc3 Rxc3 33.Re1 Qg5 34.Bd1 Nf4 35.Nf3 Nh3+ 36.Kh2 Rxf3 37.Qxf3 Qxd2
38.Qb7+ Kxg6 39.Rf1 Ng5 40.Qb6 f4 41.Bf3 Kg7 42.Qd6  0-1

[Event "NIC Classic KO 2021"]
[Site "chess24.com INT"]
[Date "2021.04.30"]
[Round "2.21"]
[White "Mamedyarov,S"]
[Black "Nakamura,Hi"]
[Result "1-0"]
[WhiteElo "2770"]
[BlackElo "2736"]

1.d4 Nf6 2.c4 e6 3.Nc3 Bb4 4.Nf3 O-O 5.Bg5 c5 6.Rc1 h6 7.Bh4 cxd4 8.Nxd4 d5
9.cxd5 g5 10.Bg3 Qxd5 11.e3 Qxa2 12.Bd3 Qxb2 13.O-O Bxc3 14.Rc2 Qb4 15.Nb5 e5
16.Nxc3 Nc6 17.Qc1 Rd8 18.Rb2 Qc5 19.Bb1 Be6 20.Rb5 Qc4 21.Ba2 Qd3 22.Bxe6 fxe6
23.Rxb7 Rac8 24.Qa1 Rd7 25.Rbb1 Qg6 26.Rfc1 Qe8 27.h3 Rdd8 28.Qa4 Qg6 29.Nb5 Ne4
30.Nxa7 Nxa7 31.Qxa7 Nc3 32.Rb7 Ne2+ 33.Kh2 Nxg3 34.Rxc8 Nf1+ 35.Kg1 Rxc8
36.Rb8 Qe8 37.Rxc8 Qxc8 38.Kxf1 Qc1+ 39.Ke2 Qc6 40.Qb8+ Kf7 41.Qh8 e4 42.Qh7+ Ke8
43.Qg8+ Ke7 44.Qg7+ Ke8 45.Qb2 Qa6+ 46.Ke1 Kf7 47.g4 Qd3 48.Qd2 Qb5 49.Qc2 Qe5
50.Kf1 Qd5 51.Kg2 Qa8 52.Qc7+ Kg6 53.Qd7 Qd5 54.Qe8+ Kg7 55.Qe7+ Kg6 56.Qf8 Qb7
57.Qg8+ Kf6 58.Qe8 Qf7 59.Qa8 Qg6 60.Qf8+ Ke5 61.Qd8  1-0

[Event "NIC Classic KO 2021"]
[Site "chess24.com INT"]
[Date "2021.04.30"]
[Round "2.31"]
[White "Mamedyarov,S"]
[Black "Nakamura,Hi"]
[Result "1/2-1/2"]
[WhiteElo "2770"]
[BlackElo "2736"]

1.e4 e5 2.Nf3 Nc6 3.Bb5 Nf6 4.O-O Nxe4 5.d4 Nd6 6.Ba4 e4 7.Ne5 Be7 8.Nc3 O-O
9.Re1 Nf5 10.Rxe4 Nfxd4 11.Nxc6 Nxc6 12.Nd5 Bf6 13.Bd2 d6 14.Nxf6+ Qxf6 15.Bc3 Ne5
16.Qe2 Qg6 17.Bxe5 dxe5 18.Rxe5 Be6 19.c3 Rad8 20.Bc2 Qf6 21.Re1 g6 22.h3 Rd6
23.Bb3 Bxb3 24.axb3 Rfd8 25.Re8+ Rxe8 26.Qxe8+ Kg7 27.Qe2 a5 28.Rd1 Qe6 29.Qc2 Qf5
30.Qe2 Qe6 31.Qc2 b5 32.Rxd6 Qxd6 33.c4 b4 34.Qe2 Qd4 35.g3 c5 36.h4 h5 37.Kg2 Qf6
38.Kg1 Qd6 39.Qe3 Kg8 40.Kg2 Kg7 41.Kg1 Kg8 42.Kg2 Kg7 43.Kg1  1/2-1/2

[Event "NIC Classic KO 2021"]
[Site "chess24.com INT"]
[Date "2021.04.30"]
[Round "2.23"]
[White "Mamedyarov,S"]
[Black "Nakamura,Hi"]
[Result "1-0"]
[WhiteElo "2770"]
[BlackElo "2736"]

1.d4 g6 2.e4 Bg7 3.Nc3 c5 4.d5 d6 5.Nf3 a6 6.a4 Bg4 7.Be2 Bxf3 8.Bxf3 Nd7
9.O-O Ngf6 10.Re1 O-O 11.h3 Ne8 12.a5 Nc7 13.Be2 Rb8 14.Bd2 Qc8 15.Na4 Nb5
16.c3 Qd8 17.Bf1 Re8 18.Rb1 e6 19.c4 Nd4 20.b4 Qc7 21.Bc3 exd5 22.cxd5 Rbd8
23.Rc1 Rc8 24.Ba1 Qd8 25.bxc5 dxc5 26.Nxc5 Rxc5 27.Rxc5 Nxc5 28.Bxd4 Bxd4
29.Qxd4 Qxa5 30.Re3 Nd7 31.e5 Qc5 32.Qxc5 Nxc5 33.f4 a5 34.Bb5 Ra8 35.e6  1-0

[Event "NIC Classic KO 2021"]
[Site "chess24.com INT"]
[Date "2021.04.30"]
[Round "2.32"]
[White "Nakamura,Hi"]
[Black "Mamedyarov,S"]
[Result "1/2-1/2"]
[WhiteElo "2736"]
[BlackElo "2770"]

1.e4 e5 2.Nf3 Nc6 3.Bb5 a6 4.Ba4 Nf6 5.O-O Nxe4 6.d4 b5 7.Bb3 d5 8.Nxe5 Nxe5
9.dxe5 c6 10.Nd2 Nxd2 11.Qxd2 Be7 12.Qf4 O-O 13.a4 Be6 14.c3 f6 15.Be3 Qc7
16.exf6 Qxf4 17.Bxf4 Bxf6 18.Be3 Kf7 19.Bc2 g6 20.axb5 axb5 21.f3 Rfe8 22.Kf2 Red8
23.Rfd1 b4 24.Bd4 bxc3 25.bxc3 Bxd4+ 26.cxd4 Ke7 27.Ke3 Kd6 28.h4 Rdb8 29.g4 c5
30.Rdb1 cxd4+ 31.Kxd4 Rxb1 32.Rxb1 Bd7 33.h5 gxh5 34.gxh5 Rf8 35.Bxh7 Rxf3
36.Rh1 Rh3 37.Rxh3 Bxh3 38.h6 Ke6 39.Be4 Kf6 40.Bxd5 Kg6 41.h7 Kxh7  1/2-1/2